000 01129cab a2200205 4500
001 ##L133923
008 060620n2006 000 0 eng u
035 _a(Sirsi) u133923
041 0 _aeng
100 1 _aSmith, Melanie
245 0 4 _aThe impact of the Disability Discrimination Act on historic buildings
260 _c2006
490 0 _aJournal of Building Appraisal
_v2(1), 52-61(10)
520 _aLooks at the challenges posed in providing access for people with disabilities to historic buildings. Building professionals must find good workable designs for level access for the 5% of disabled people who use a wheelchair, and provide appropriate solutions for the remaining 95% of people with a disability, whilst ensuring that high-quality, detailed access designs are sensitive to the needs of the building itself. Contains case study of a Grade I listed house now converted into a museum.
590 _aIKA040706 NTK
650 2 4 _aDISABILITY DISCRIMINATION ACT 1995
651 4 _aUnited Kingdom
_y
690 _aMANAGEMENT-BUSINESS MANAGEMENT-DISCRIMINATION-DISABILITY DISCRIMINATION-ACCESSIBILITY
942 _n0
999 _c77260
_d77260